Singles [

Parental guidance is advisable for children below 13 years old (PG13)

Bibliographic Details
Main Author: Crowe, Cameron
Format: Book
Published: s.l. : Warner Bros , 2010
Subjects:

MARC

LEADER 00000cam a2200000 7i4500
001 0000166312
005 20121126.0
090 0 0 |a F   |b SIN 
100 1 |a Crowe, Cameron 
245 1 0 |a Singles [  |h digital video disc]   |c Cameron Crowe 
260 |a s.l. :   |b Warner Bros ,   |c 2010 
300 |a 1 digital video disc (99 minutes) :   |b col 
500 |a Library has 4 copies 
520 0 |a Parental guidance is advisable for children below 13 years old (PG13) 
650 0 0 |a Movies, English 
999 |a AV 30459   |b DIGITAL VIDEO DISC   |c PINJAMAN   |e PERPUSTAKAAN KOMUNITI PETALING JAYA 
999 |a AV 30460   |b DIGITAL VIDEO DISC   |c PINJAMAN   |e PERPUSTAKAAN KOMUNITI PETALING JAYA 
999 |a AV 30790   |b DIGITAL VIDEO DISC   |c PINJAMAN   |e PERPUSTAKAAN KOMUNITI PETALING JAYA 
999 |a AV 30791   |b DIGITAL VIDEO DISC   |c PINJAMAN   |e PERPUSTAKAAN KOMUNITI PETALING JAYA